Evaluación de las propiedades de mezclas asfálticas con graduación densa y envejecimiento simulado, incorporando diversos aditivos
Збережено в:
| Автор: | |
|---|---|
| Інші автори: | |
| Формат: | Книга |
| Опубліковано: |
[San José, Costa Rica]
2000
|
| Предмети: | |
| Теги: |
Додати тег
Немає тегів, Будьте першим, хто поставить тег для цього запису!
|
MARC
| LEADER | 00000nam a2200000Ia 4500 | ||
|---|---|---|---|
| 003 | 010093 | ||
| 005 | 20240808144534.0 | ||
| 008 | 140114s2000 cr a 000 ||s d | ||
| 040 | |c cru CEDI | ||
| 090 | |a TFG 4088 | ||
| 100 | |a Blackamore Rodríguez, Vincent, 1967- |9 3496 | ||
| 245 | |a Evaluación de las propiedades de mezclas asfálticas con graduación densa y envejecimiento simulado, incorporando diversos aditivos | ||
| 260 | |a [San José, Costa Rica] |c 2000 | ||
| 300 | |a xxiii, 165 hojas : ilustraciones | ||
| 500 | |a Proyecto de graduación (licenciatura en ingeniería civil)--Universidad de Costa Rica. Facultad de Ingeniería. Escuela de Ingeniería Civil | ||
| 501 | |a Director de Proyecto de Graduación: Ing. Pedro Luis Castro Fernández | ||
| 650 | |x MATERIALES PARA CARRETERAS |x ASFALTO |x PRUEBAS |x CEMENTO |x ANALISIS |x CAL |x POLIMEROS VINILICOS |9 8433 | ||
| 700 | |a Castro Fernández, Pedro Luis,1971- |d Director del TFG |9 1527 | ||
| 942 | |c TFG |h TFG 4088 |i 010093 |6 TFG_4088_010093000000000 | ||
| 999 | |c 18388 |d 18388 | ||
